Building in Britain: the origins of a modern industry. (Record no. 88367)

MARC details
000 -LEADER
fixed length control field 00970cam a2200265 4500
008 - FIXED-LENGTH DATA ELEMENTS--GENERAL INFORMATION
fixed length control field 090401t1995 xxu||||| |||| 00| 0 eng d
020 ## - INTERNATIONAL STANDARD BOOK NUMBER
International Standard Book Number 1859280846
035 ## - SYSTEM CONTROL NUMBER
System control number (Sirsi) u23264
041 ## - LANGUAGE CODE
Language code of text/sound track or separate title eng
050 ## - LIBRARY OF CONGRESS CALL NUMBER
Classification number 690.09
100 ## - MAIN ENTRY--PERSONAL NAME
Personal name Satoh, Akira
245 ## - TITLE STATEMENT
Title Building in Britain: the origins of a modern industry.
260 ## - PUBLICATION, DISTRIBUTION, ETC.
Place of publication, distribution, etc. Aldershot, Hants.
Name of publisher, distributor, etc. Scolar Press
Date of publication, distribution, etc. 1995
300 ## - PHYSICAL DESCRIPTION
Extent xviii,316p. : ill. ; 24cm.
350 ## - PRICE (NR) (BK AM CF MU VM SE) [OBSOLETE]
Price 45
520 ## - SUMMARY, ETC.
Summary, etc. English edition by Ralph Morton of a work originally produced in Japanese, which looks at the UK building industry from the end of the eighteenth century to the latter half of the nineteenth. Examines both the organisation of the industry and the technical advances made during the period.
650 ## - SUBJECT ADDED ENTRY--TOPICAL TERM
Topical term or geographic name entry element CONSTRUCTION INDUSTRY
650 ## - SUBJECT ADDED ENTRY--TOPICAL TERM
Topical term or geographic name entry element CONSTRUCTION TECHNIQUES
650 ## - SUBJECT ADDED ENTRY--TOPICAL TERM
Topical term or geographic name entry element CONTRACTORS
650 ## - SUBJECT ADDED ENTRY--TOPICAL TERM
Topical term or geographic name entry element HISTORY
690 ## - LOCAL SUBJECT ADDED ENTRY--TOPICAL TERM (OCLC, RLIN)
Topical term or geographic name as entry element BUILT ENVIRONMENT
700 ## - ADDED ENTRY--PERSONAL NAME
Personal name Morton, Ralph
942 ## - ADDED ENTRY ELEMENTS (KOHA)
Suppress in OPAC 0
948 ## - LOCAL PROCESSING INFORMATION (OCLC); SERIES PART DESIGNATOR (RLIN)
c (OCLC) 04/03/1997
Holdings
Withdrawn status Lost status Source of classification or shelving scheme Damaged status Not for loan Home library Current library Shelving location Date acquired Cost, normal purchase price Total Checkouts Full call number Barcode Date last seen Date last checked out Copy number Cost, replacement price Price effective from Koha item type
    Dewey Decimal Classification     London London Books 07/08/1995 41.50 3 690.09 30046307 06/08/2019 22/01/2007 1 41.50 06/08/2019 Book